Państwa, które pokonują Japonię - Statystyki

Ogólne statystyki
  • Ten quiz został rozwiązany 4 186 razy
    4 094 od ostatniego zresetowania
  • Średni wynik to 10 z 17
Statystyki odpowiedzi
Ranga Kategoria Państwo % Poprawnych
4 Największa gospodarka (PKB) Chiny | Stany Zjednoczone | Indie
99%
8 Największa liczba ofiar śmiertelnych trzęsień ziemi w XXI wieku Indonezja | Haiti | Chiny | Pakistan | Indie | Sri Lanka | Iran
92%
14 Najbardziej na wschód wysunięte państwo Fidżi | Rosja | Tuvalu | Stany Zjednoczone | Nowa Zelandia | Kiribati | Wyspy Marshalla | Vanuatu | Wyspy Salomona | Australia | Nauru | Mikronezja | Papua-Nowa Gwinea
87%
2 Najludniejsze państwo wyspiarskie Indonezja
79%
3 Największa ilość aktywnych wulkanów Stany Zjednoczone | Indonezja
73%
2 Największa ilość restauracji z gwiazdką Michelin Francja
68%
3 Największa liczba ludzi, które przebiegają maraton w mniej niż 02:10 Kenia | Etiopia
58%
3 Najwyższe saldo na rachunku bieżącym (eksport minus import) Niemcy | Chiny
55%
2 Państwo z największą ilością chińskich turystów (2023) Korea Południowa
50%
3 Największa ilość cyklonów tropikalnych Chiny | Filipiny
47%
2 Najniższy wskaźnik morderstw od 2000 roku (Podpowiedź: państwo na miejscu #1 nie miało żadnych morderstw) Watykan
45%
7 Najniższy wskaźnik otyłości Wietnam | Bangladesz | Timor Wschodni | Indie | Kambodża | Nepal
43%
3 Najdłuższa oczekiwana długość życia Monako | Singapur
40%
2 Flaga z największym procentem bieli Cypr
31%
3 Największa ilość "dodatkowych" kobiet definiowana jako liczba kobiet minus liczba mężczyzn Rosja | Stany Zjednoczone
29%
4 Największy % ludności zamieszkującej obszar miejski, który ma więcej niż milion mieszkańców Watykan | Singapur | Kuwejt
28%
2 Najwyższa mediana wieku Monako
27%
Nie znaleziono quizów pasujących do podanych kryteriów
Rozkład punktacji
Procent ludzi z każdym wynikiem
Percentyl według liczby udzielonych odpowiedzi
Twoja historia wyników
Nie rozwiązałeś tego quizu od ostatniego zresetowania